Memimpin kelestarian : menghargai alam, mensejahtera manusia

Bibliographic Details
Main Author: Ibrahim Komoo
Format: Book
Published: Bangi : Penerbit Universiti Kebangsaan Malaysia , 2019
Subjects:

MARC

LEADER 00000cam a2200000 7i4500
001 0000278795
005 20210223162547.0
020 |a 9789674128609 
090 0 0 |a 388.92709595   |b IBR 
100 0 |a Ibrahim Komoo 
245 1 0 |a Memimpin kelestarian :   |b menghargai alam, mensejahtera manusia   |c Ibrahim Komoo 
260 |a Bangi :   |b Penerbit Universiti Kebangsaan Malaysia ,   |c 2019 
300 |a 364p. ;   |c 23cm. 
650 0 |a Environmental management   |z Malaysia 
650 0 |a Environmental protection   |z Malaysia 
650 0 |a Government publications   |z Malaysia 
650 0 |a Sustainable development   |z Malaysia 
999 |a 00387193   |b BUKU   |c MALAYSIANA   |e PERPUSTAKAAN KOMUNITI PETALING JAYA